إنتقال ما كان يملك الإنسان حال حياته الى غيره بعد موته / (رقم التسجيلة. 102423)

تفاصيل مارك
000 -LEADER
fixed length control field 00870nam a22002417a 4500
005 - DATE AND TIME OF LATEST TRANSACTION
control field 20251108173356.0
008 - FIXED-LENGTH DATA ELEMENTS--GENERAL INFORMATION
fixed length control field 250721s1999 xx 000 0 ara d
082 14 - DEWEY DECIMAL CLASSIFICATION NUMBER
Classification number م/216.4/بك
100 1# - MAIN ENTRY--PERSONAL NAME
Personal name بك، أحمد إبراهيم
245 10 - TITLE STATEMENT
Title إنتقال ما كان يملك الإنسان حال حياته الى غيره بعد موته /
246 11 - VARYING FORM OF TITLE
Title proper/short title التركة و الحقوق المتعلقة بها المواريث علما و عملا ...
250 ## - EDITION STATEMENT
Edition statement ط2 مزيدة و منقحة
264 1# - PRODUCTION, PUBLICATION, DISTRIBUTION, MANUFACTURE, AND COPYRIGHT NOTICE
Place of production, publication, distribution, manufacture القاهره :
Name of producer, publisher, distributor, manufacturer المكتبة الازهرية،
Date of production, publication, distribution, manufacture, or copyright notice 1999.
300 ## - PHYSICAL DESCRIPTION
Extent 1187ص.
650 17 - SUBJECT ADDED ENTRY--TOPICAL TERM
Topical term or geographic name as entry element الميراث
650 17 - SUBJECT ADDED ENTRY--TOPICAL TERM
Topical term or geographic name as entry element الإرث بوصية
650 17 - SUBJECT ADDED ENTRY--TOPICAL TERM
Topical term or geographic name as entry element الإسلام
650 17 - SUBJECT ADDED ENTRY--TOPICAL TERM
Topical term or geographic name as entry element مصر
650 17 - SUBJECT ADDED ENTRY--TOPICAL TERM
Topical term or geographic name as entry element العلوم الإسلامية
700 1# - ADDED ENTRY--PERSONAL NAME
Personal name إبراهيم، واصل علاء الدين
942 ## - ADDED ENTRY ELEMENTS (KOHA)
Source of classification or shelving scheme Dewey Decimal Classification
Koha item type مراجع
المقتنيات
حالة السحب حالة الفقدان مصدر التصنيف حالة التلف غير قابل للإعارة المكتبة الرئيسية المكتبة الحالية موقع الرف تاريخ التزويد الرقم المتسلسل Total Checkouts رقم الإستدعاء الباركود تاريخ آخر ظهور تاريخ الفاتورة نوع المادة (كوها)
    Dewey Decimal Classification   Not For Loan المكتبة المركزية المكتبة المركزية مراجع 28/07/2025 1055025   م/216.4/بك 1055025 28/07/2025 28/07/2025 مراجع
Implemented & Customized by: BBB with SCIT (Smart Chains for Information Technology)

Powered by Koha